000 00564nam a22001217a 4500
040 _cRUA
082 _aAVM KHO 2025 B705 Or.1
100 _aKHOEUN RAKSA, ខឿន រក្សា
245 _aCase of parvovirus on canine at animal clinic sangkat dangkao,khan dangkao,phnom penh, ករណី PARVOVIRUS លើសុនខនៅគ្លីនិកសត្វ​ សង្កាត់ដង្កោ ខណ្ឌដង្កោ រាជធានីភ្នំពេញ
260 _aPHNOM PENH
_bRUA
_c2025
300 _axiii,47p.
_bill.
_c29cm.
942 _cAVM
999 _c25816
_d25816